هزيمة المنتصرون و إنتصار القضية لبنان : (رقم التسجيلة. 20535)

تفاصيل مارك
000 -LEADER
fixed length control field 00681nam a22001817a 4500
005 - DATE AND TIME OF LATEST TRANSACTION
control field 20251108165032.0
008 - FIXED-LENGTH DATA ELEMENTS--GENERAL INFORMATION
fixed length control field 250721s1985 xx 000 0 ara d
082 14 - DEWEY DECIMAL CLASSIFICATION NUMBER
Classification number 956.203/لبن
245 10 - TITLE STATEMENT
Title هزيمة المنتصرون و إنتصار القضية لبنان :
Remainder of title هزيمة المنتصرون و إنتصار القضية /
264 1# - PRODUCTION, PUBLICATION, DISTRIBUTION, MANUFACTURE, AND COPYRIGHT NOTICE
Place of production, publication, distribution, manufacture عمان :
Name of producer, publisher, distributor, manufacturer دار الجليل،
Date of production, publication, distribution, manufacture, or copyright notice 1985.
300 ## - PHYSICAL DESCRIPTION
Extent 176ص : مص
490 0# - SERIES STATEMENT
Series statement الحرب الفلسطينية الإسرائيلية في لبنان ؛8
650 17 - SUBJECT ADDED ENTRY--TOPICAL TERM
Topical term or geographic name as entry element تاريخ لبنان
650 17 - SUBJECT ADDED ENTRY--TOPICAL TERM
Topical term or geographic name as entry element غزو لبنان 1982
710 2# - ADDED ENTRY--CORPORATE NAME
Corporate name or jurisdiction name as entry element اللجنة ضد الحرب في لبنان
942 ## - ADDED ENTRY ELEMENTS (KOHA)
Source of classification or shelving scheme Dewey Decimal Classification
Koha item type كتب
المقتنيات
حالة السحب حالة الفقدان مصدر التصنيف حالة التلف غير قابل للإعارة المكتبة الرئيسية المكتبة الحالية موقع الرف تاريخ التزويد الرقم المتسلسل Total Checkouts رقم الإستدعاء تاريخ آخر ظهور تاريخ الفاتورة نوع المادة (كوها) الباركود
    Dewey Decimal Classification     مكتبة النصر العامة مكتبة النصر العامة الإعارة 01/04/2015 [ 1980 ]]   956.203/لبن 28/07/2025 01/04/2015 كتب PLD00381002
    Dewey Decimal Classification Unchecked   مكتبة صويلح العامة مكتبة صويلح العامة الإعارة 06/07/2004 1389   956.203/لبن 28/07/2025 06/07/2004 كتب  
Implemented & Customized by: BBB with SCIT (Smart Chains for Information Technology)

Powered by Koha